[Event "Wichern Open 3rd"]
[Site "Hamburg GER"]
[Date "1995.??.??"]
[Round "6"]
[White "Farago, Ivan"]
[Black "Murdzia, Piotr"]
[Result "0-1"]
[WhiteElo "2515"]
[BlackElo "2455"]
[PlyCount "64"]
[EventDate "1995.09.??"]
[Source "www.chesslib.no"]
[SourceDate "2004.05.04"]

1. d4 c5 2. d5 Nf6 3. c4 d6 4. Nc3 g6 5. e4 Bg7 6. Be2 O-O 7. Bg5 e6 8. Qd2 exd5 9. exd5 Re8 10. Nf3 Bf5 11. O-O Qb6 12. Nh4 Ne4 13. Nxe4 Bxe4 14. f3 Qxb2 15. Qxb2 Bxb2 16. fxe4 Bd4+ 17. Kh1 Bxa1 18. Rxa1 h6 19. Bd2 Rxe4 20. Bf3 Rxh4 21. g4 Nd7 22. Be1 Rh3 23. Bg3 Rxg3 24. hxg3 Re8 25. Rb1 Re3 26. Rb3 Rxb3 27. axb3 Ne5 28. Be2 Kg7 29. Kg2 Kf6 30. Kh3 Kg5 31. Bd1 a6 32. Be2 b6 0-1

[Event "Berlin Open"]
[Site "Berlin West"]
[Date "1988.??.??"]
[Round "4"]
[White "Mohr, Stefan"]
[Black "Cvitan, Ognjen"]
[Result "1/2-1/2"]
[WhiteElo "2470"]
[BlackElo "2500"]
[PlyCount "104"]
[EventDate "1988.08.??"]
[Source "www.chesslib.no"]
[SourceDate "2004.05.04"]

1. d4 Nf6 2. c4 g6 3. Nc3 Bg7 4. e4 d6 5. Be2 O-O 6. Bg5 c5 7. d5 a6 8. a4 e6 9. Qd2 exd5 10. exd5 Qa5 11. Nf3 Bg4 12. O-O Nbd7 13. h3 Bxf3 14. Bxf3 Rae8 15. Qc2 h5 16. Bd2 Ne5 17. Be2 Qd8 18. f4 Ned7 19. Bd3 Ng4 20. Ne4 Bd4+ 21. Kh1 Ndf6 22. Ng5 Nf2+ 23. Kh2 Nxd3 24. Qxd3 Nh7 25. Nf3 Bg7 26. a5 f5 27. Rae1 Rf7 28. b4 cxb4 29. Rxe8+ Qxe8 30. Bxb4 Qe4 31. Qxe4 fxe4 32. Nd2 e3 33. Ne4 Be5 34. Bxd6 Rxf4 35. Rxf4 e2 36. Bb4 Bxf4+ 37. g3 Be5 38. Kg2 Kf7 39. Kf2 Nf6 40. Nxf6 Kxf6 41. g4 hxg4 42. hxg4 Kg5 43. Be7+ Kxg4 44. d6 Bc3 45. Kxe2 Bxa5 46. d7 Kf4 47. Kd3 b5 48. c5 Ke5 49. d8=Q Bxd8 50. Bxd8 Kd5 51. Be7 a5 52. Kc3 g5 1/2-1/2

[Event "Nord West Cup"]
[Site "?"]
[Date "2000.??.??"]
[Round "?"]
[White "Meins Gerlef"]
[Black "Glek Igor V"]
[Result "1/2-1/2"]
[WhiteElo "2414"]
[BlackElo "2554"]
[PlyCount "52"]
[EventDate "2000.??.??"]
[Source "www.chesslib.no"]
[SourceDate "2004.05.04"]

1. d4 Nf6 2. c4 g6 3. Nc3 Bg7 4. e4 d6 5. Be2 O-O 6. Bg5 c5 7. d5 a6 8. a4 e6 9. Qd2 exd5 10. exd5 Re8 11. Nf3 Bg4 12. O-O Nbd7 13. h3 Bxf3 14. Bxf3 h5 15. Rae1 Qb6 16. Qc2 Nh7 17. Bd2 Bd4 18. g3 Rxe1 19. Rxe1 Ne5 20. Be2 Re8 21. Kg2 Nd7 22. Bd3 Rxe1 23. Bxe1 Ne5 24. Be2 Qd8 25. f4 Nd7 26. Bd3 Nhf8 1/2-1/2

[Event "Lugano Open"]
[Site "Lugano SUI"]
[Date "1985.??.??"]
[Round "?"]
[White "Korchnoi, Viktor L"]
[Black "Karl, Hans"]
[Result "1/2-1/2"]
[WhiteElo "2630"]
[BlackElo "2335"]
[PlyCount "116"]
[EventDate "1985.03.??"]
[Source "www.chesslib.no"]
[SourceDate "2004.05.04"]

1. d4 Nf6 2. c4 g6 3. Nc3 Bg7 4. e4 d6 5. Be2 O-O 6. Bg5 c5 7. d5 a6 8. a4 e6 9. Qd2 exd5 10. exd5 Re8 11. Nf3 Bg4 12. O-O Nbd7 13. h3 Bxf3 14. Bxf3 Qe7 15. Rae1 Qf8 16. a5 Rxe1 17. Rxe1 Re8 18. Bd1 Rxe1+ 19. Qxe1 Qd8 20. Na4 Ne5 21. Nb6 h6 22. Be3 Nfd7 23. Nxd7 Qxd7 24. Qe2 Qf5 25. Bc2 Qf6 26. Kh2 Kh7 27. f4 Nd7 28. Bc1 Qd8 29. Qe1 Bd4 30. b3 Kg7 31. Bd2 Qf6 32. Bd1 Nf8 33. Bg4 g5 34. g3 Ng6 35. fxg5 hxg5 36. Kg2 Ne5 37. Qf1 Qxf1+ 38. Kxf1 Nxg4 39. hxg4 Kg6 40. Ke2 Be5 41. Kf3 Bd4 42. b4 Kf6 43. Ke4 Bf2 44. Bc3+ Ke7 45. bxc5 Bxc5 46. Kf5 Bf2 47. Kxg5 Bxg3 48. Bf6+ Ke8 49. Bd4 Be1 50. Bb6 Bb4 51. Kf6 Bc3+ 52. Kf5 Kd7 53. Ke4 Bb4 54. Kd3 Be1 55. Kc2 Bb4 56. Kb3 Bd2 57. Ka4 Be1 58. Be3 Bc3 1/2-1/2

[Event "GMA-Open"]
[Site "Belgrade SCG"]
[Date "1988.??.??"]
[Round "?"]
[White "Lerner, Konstantin Z"]
[Black "Paunovic, Dragan"]
[Result "1-0"]
[WhiteElo "2530"]
[BlackElo "2430"]
[PlyCount "125"]
[EventDate "1988.12.??"]
[Source "www.chesslib.no"]
[SourceDate "2004.05.04"]

1. d4 Nf6 2. c4 g6 3. Nc3 Bg7 4. e4 d6 5. Be2 O-O 6. Bg5 c5 7. d5 e6 8. Qd2 exd5 9. exd5 Re8 10. Nf3 Bg4 11. O-O Nbd7 12. h3 Bxf3 13. Bxf3 a6 14. a4 Qb6 15. Qc2 Re5 16. Bf4 Re7 17. Bd2 Rae8 18. Rae1 Rxe1 19. Rxe1 Rxe1+ 20. Bxe1 Bh6 21. Bd1 Qd8 22. Qe2 Kf8 23. Bc2 Qe7 24. a5 Bc1 25. Qxe7+ Kxe7 26. Na4 Ne5 27. b3 Ba3 28. Kf1 Ned7 29. Ke2 Bb4 30. Bd2 Kd8 31. Ke3 Bxd2+ 32. Kxd2 Kc7 33. Ke3 b6 34. axb6+ Nxb6 35. Nc3 Kd7 36. f4 Ke7 37. g4 h6 38. Kf3 Kf8 39. Nd1 Nbd7 40. Ne3 Kg7 41. h4 Ng8 42. Nf1 Ne7 43. Ng3 Nb6 44. h5 Nd7 45. Ne4 Nc8 46. hxg6 fxg6 47. g5 hxg5 48. Nxg5 a5 49. Ne4 Ndb6 50. Nc3 Nd7 51. Bd3 Kh6 52. Bf1 Ne7 53. Nb5 Nf5 54. Bh3 Nb6 55. Bxf5 gxf5 56. Nxd6 Kg6 57. Nb7 a4 58. bxa4 Nxa4 59. d6 Nb6 60. Nxc5 Kf6 61. Nb7 Ke6 62. c5 Nc8 63. Nd8+ 1-0

[Event "Niksic"]
[Site "Niksic"]
[Date "1991.??.??"]
[Round "4"]
[White "Horvath, Csaba"]
[Black "Strikovic, Aleksa"]
[Result "1/2-1/2"]
[WhiteElo "2460"]
[BlackElo "2495"]
[PlyCount "72"]
[EventDate "1991.04.??"]
[Source "ChessBase"]

1. d4 Nf6 2. c4 g6 3. Nc3 Bg7 4. e4 d6 5. Be2 O-O 6. Bg5 c5 7. d5 a6 8. a4 e6 9. Qd2 exd5 10. exd5 Re8 11. Nf3 Bg4 12. O-O Nbd7 13. h3 Bxf3 14. Bxf3 Qb6 15. Qc2 Re7 16. Rae1 Rae8 17. Rxe7 Rxe7 18. b3 Re8 19. Bd1 Qd8 20. Bd2 h6 21. Qd3 Nh7 22. Bc2 Qh4 23. f4 f5 24. Kh2 h5 25. g3 Qd8 26. Re1 Nhf6 27. Rxe8+ Qxe8 28. a5 Qd8 29. Nd1 Ne4 30. Be1 Bd4 31. Kg2 Ndf6 32. Qe2 Kg7 33. Bd3 Kf7 34. Bc2 Qe7 35. Bd3 Kf8 36. Bc2 Kf7 1/2-1/2

[Event "Biel op"]
[Site "Biel"]
[Date "1992.??.??"]
[Round "6"]
[White "Polak, Tomas"]
[Black "Cvitan, Ognjen"]
[Result "0-1"]
[WhiteElo "2405"]
[BlackElo "2550"]
[PlyCount "106"]
[EventDate "1992.07.??"]
[Source "ChessBase"]

1. d4 Nf6 2. c4 g6 3. Nc3 Bg7 4. e4 d6 5. Be2 O-O 6. Bg5 c5 7. d5 a6 8. a4 e6 9. Qd2 Qa5 10. Nf3 exd5 11. exd5 Bg4 12. O-O Nbd7 13. h3 Bxf3 14. Bxf3 Rae8 15. Be2 h5 16. Rfe1 Nh7 17. Bf4 Ne5 18. Ne4 Qd8 19. a5 Re7 20. Bf1 Rfe8 21. Nc3 h4 22. Kh1 Qc8 23. Be3 Nd7 24. f4 Qd8 25. Bf2 Rxe1 26. Rxe1 Rxe1 27. Qxe1 Qxa5 28. Qe7 Qa1 29. Kg1 Bxc3 30. bxc3 Nhf8 31. Qxd6 a5 32. Bxc5 Nxc5 33. Qxc5 a4 34. Qa5 a3 35. c5 a2 36. c6 bxc6 37. dxc6 Ne6 38. f5 gxf5 39. c7 Nxc7 40. Qxc7 Qd1 41. Qb8+ Kg7 42. Qe5+ Kg6 43. Qh8 a1=Q 44. Qg8+ Kf6 45. Qh8+ Kg5 46. Qg7+ Kf4 47. Qh6+ Ke5 48. Qh8+ f6 49. Qe8+ Kf4 50. Qb8+ Ke3 51. Qb6+ Kd2 52. Qf2+ Kc1 53. Qxf5 Qxc3 0-1

[Event "Budapest FS04 GM"]
[Site "Budapest"]
[Date "2000.04.09"]
[Round "9"]
[White "Hoang Thanh Trang"]
[Black "Nguyen Anh Dung"]
[Result "1-0"]
[WhiteElo "2448"]
[BlackElo "2496"]
[PlyCount "67"]
[EventDate "2000.04.01"]
[Source "ChessBase"]
[SourceDate "2000.05.11"]

1. d4 Nf6 2. c4 g6 3. Nc3 Bg7 4. e4 d6 5. Be2 O-O 6. Bg5 c5 7. d5 e6 8. Qd2 exd5 9. exd5 a6 10. a4 Re8 11. Nf3 Bg4 12. O-O Nbd7 13. h3 Bxf3 14. Bxf3 Qb6 15. Qc2 h5 16. Be2 Nh7 17. Bd2 Qd8 18. Rae1 Qh4 19. Bd3 Ne5 20. Ne4 Nxd3 21. Qxd3 Rad8 22. Ba5 Rd7 23. g3 Qxh3 24. Ng5 Nxg5 25. Rxe8+ Kh7 26. Bc3 f6 27. f4 Nf7 28. Rf2 b5 29. axb5 axb5 30. cxb5 Ra7 31. Rh2 Qd7 32. Re6 Rb7 33. Rxh5+ Nh6 34. Bxf6 1-0

[Event "Bohemians"]
[Site "Prague"]
[Date "1985.??.??"]
[Round "?"]
[White "Meduna, Eduard"]
[Black "Zaichik, Gennadi"]
[Result "0-1"]
[WhiteElo "2460"]
[BlackElo "2475"]
[PlyCount "80"]
[EventDate "1985.01.??"]
[Source "ChessBase"]

1. d4 Nf6 2. c4 g6 3. Nc3 Bg7 4. e4 d6 5. Be2 O-O 6. Bg5 c5 7. d5 e6 8. Qd2 exd5 9. exd5 Qb6 10. Nf3 Bf5 11. O-O Ne4 12. Nxe4 Bxe4 13. Bd3 Bxf3 14. gxf3 Nd7 15. f4 h6 16. Bh4 Rfe8 17. Rae1 Kf8 18. f5 g5 19. Bg3 Be5 20. f4 Bd4+ 21. Kh1 g4 22. b3 Qb4 23. Qxb4 cxb4 24. Rxe8+ Rxe8 25. Re1 Nf6 26. Kg2 b5 27. Rxe8+ Kxe8 28. Kf1 bxc4 29. bxc4 Kd7 30. Bh4 Kc7 31. Bxf6 Bxf6 32. Ke2 Kb6 33. Bc2 Kc5 34. Kd3 h5 35. Bd1 a5 36. Ba4 h4 37. Bd1 g3 38. hxg3 hxg3 39. Ke3 Kxc4 40. Kf3 Kc3 0-1

[Event "Bled op"]
[Site "Bled"]
[Date "1999.03.21"]
[Round "2"]
[White "Farago, Ivan"]
[Black "Zheliandinov, Viktor"]
[Result "1/2-1/2"]
[WhiteElo "2533"]
[BlackElo "2402"]
[PlyCount "79"]
[EventDate "1999.03.20"]
[Source "ChessBase"]
[SourceDate "1999.05.10"]

1. d4 Nf6 2. c4 g6 3. Nc3 Bg7 4. e4 d6 5. Be2 O-O 6. Bg5 c5 7. d5 e6 8. Qd2 exd5 9. exd5 a6 10. Nf3 Bg4 11. O-O Nbd7 12. h3 Bxf3 13. Bxf3 Re8 14. Rae1 Qc7 15. Bd1 Rxe1 16. Rxe1 Re8 17. Bc2 Rxe1+ 18. Qxe1 Ne5 19. Qe2 h6 20. Bd2 Qd8 21. g3 Kf8 22. Kg2 Qa8 23. a4 Qd8 24. b3 Qe7 25. a5 Ned7 26. Qf3 Kg8 27. Na4 Nh7 28. b4 Ng5 29. Qe3 Qxe3 30. Bxe3 cxb4 31. c5 dxc5 32. Nxc5 Nxc5 33. Bxc5 b3 34. Bxb3 Ne4 35. Bb6 Bf8 36. f3 Nd6 37. Be3 Nf5 38. Bd2 Bc5 39. f4 Kf8 40. Ba4 1/2-1/2

[Event "Kavala 74/579"]
[Site "?"]
[Date "1998.??.??"]
[Round "?"]
[White "Bagaturov, Giorgi"]
[Black "Velickovic, Sasa"]
[Result "1/2-1/2"]
[WhiteElo "2540"]
[BlackElo "2395"]
[PlyCount "85"]
[Source "ChessBase"]
[SourceDate "1998.10.01"]

1. d4 Nf6 2. c4 c5 3. d5 g6 4. Nc3 Bg7 5. e4 d6 6. Be2 O-O 7. Bg5 e6 8. Qd2 exd5 9. exd5 a6 10. a4 Re8 11. Nf3 Bg4 12. O-O Nbd7 13. h3 Bxf3 14. Bxf3 Qb6 15. Qc2 h5 16. Be2 Nh7 17. Bd2 Qd8 18. Rae1 Qh4 19. Bd3 f5 20. Ne2 Be5 21. Qc1 Qf6 22. b3 Re7 23. f4 Bb2 24. Qc2 Rae8 25. Kh1 Nhf8 26. Rb1 Ba3 27. Bc3 Rxe2 28. Bxe2 Rxe2 29. Qxe2 Qxc3 30. Rf3 Qd4 31. Rd1 Qb2 32. Rd2 Qf6 33. Rdd3 Qb2 34. Qe7 Qf6 35. Qe1 Bb4 36. Qe2 Qh4 37. Rf1 Qd8 38. Re3 Nf6 39. Re7 b6 40. Rf3 Ne4 41. Rxe4 fxe4 42. Qxe4 Qf6 43. Qe8 1/2-1/2

[Event "Bucharest ENE"]
[Site "Bucharest"]
[Date "1993.??.??"]
[Round "8"]
[White "Rogozenko, Dorian"]
[Black "Itkis, Boris"]
[Result "1/2-1/2"]
[WhiteElo "2500"]
[BlackElo "2430"]
[PlyCount "60"]
[EventDate "1993.??.??"]
[Source "ChessBase"]

1. d4 Nf6 2. c4 g6 3. Nc3 Bg7 4. e4 d6 5. Be2 O-O 6. Bg5 c5 7. d5 e6 8. Qd2 exd5 9. exd5 Re8 10. Nf3 Bg4 11. O-O Nbd7 12. h3 Bxf3 13. Bxf3 a6 14. Rfe1 Qb6 15. Qc2 h5 16. Bd2 Nh7 17. Rxe8+ Rxe8 18. Re1 Rxe1+ 19. Bxe1 Bd4 20. Be2 Nhf6 21. b3 Qd8 22. Bd1 Qe7 23. Qe2 Qd8 24. Kf1 Nh7 25. a4 Ne5 26. Qc2 Nd7 27. Ne2 Bg7 28. Qe4 Nhf6 29. Qe3 b5 30. f4 Qb8 1/2-1/2

[Event "Rome m"]
[Site "Rome ITA"]
[Date "1972.??.??"]
[Round "?"]
[White "Tatai, Stefano"]
[Black "Mariotti, Sergio"]
[Result "0-1"]
[WhiteElo "2460"]
[BlackElo "2470"]
[PlyCount "122"]
[EventDate "1972.??.??"]
[Source "www.chesslib.no"]
[SourceDate "2004.05.04"]

1. d4 Nf6 2. c4 g6 3. Nc3 Bg7 4. e4 O-O 5. Be2 c5 6. d5 d6 7. Bg5 e6 8. Qd2 exd5 9. exd5 Re8 10. Nf3 Bg4 11. O-O Nbd7 12. h3 Bxf3 13. Bxf3 Qb6 14. Qc2 a6 15. a4 h6 16. Bd2 Re7 17. Rae1 Ne5 18. Bd1 Rae8 19. b3 g5 20. f4 gxf4 21. Kh1 Ng6 22. Rxe7 Rxe7 23. Bf3 Nd7 24. Ne2 Nde5 25. Nxf4 Nxf4 26. Bxf4 Ng6 27. Bd2 Qd8 28. Qc1 Kh7 29. Bg4 Qh8 30. Rf5 Qe8 31. Qf1 Kg8 32. Rf2 Re5 33. a5 h5 34. Bd1 Bh6 35. Bc3 Re3 36. Rf3 Bg7 37. Rxe3 Qxe3 38. Bxg7 Kxg7 39. Qe2 Qc3 40. Qxh5 Qxa5 41. Kh2 b5 42. cxb5 axb5 43. Bc2 Qc3 44. Bxg6 fxg6 45. Qg4 Qe5+ 46. Kh1 b4 47. Qd7+ Kf6 48. Qd8+ Qe7 49. Qh8+ Kf5 50. Qc8+ Ke5 51. Qg8 Qf6 52. Kg1 g5 53. g3 Qf5 54. h4 Qb1+ 55. Kh2 Qc2+ 56. Kh3 g4+ 57. Qxg4 Qf5 58. h5 c4 59. h6 Qxg4+ 60. Kxg4 Kf6 61. h7 Kg7 0-1

[Event "Capablanca Mem Premier I"]
[Site "?"]
[Date "2003.05.06"]
[Round "1"]
[White "Herraiz Hidalgo Herminio"]
[Black "Almeida Omar"]
[Result "1/2-1/2"]
[WhiteElo "2491"]
[BlackElo "2437"]
[PlyCount "21"]
[EventDate "2003.??.??"]
[Source "www.chesslib.no"]
[SourceDate "2004.05.04"]

1. d4 Nf6 2. c4 g6 3. Nc3 Bg7 4. e4 d6 5. Be2 O-O 6. Bg5 c5 7. d5 e6 8. Qd2 a6 9. a4 Qa5 10. Ra3 Re8 11. f3 1/2-1/2

[Event "Vinkovci"]
[Site "Vinkovci"]
[Date "1989.??.??"]
[Round "?"]
[White "Grivas, Efstratios"]
[Black "Strikovic, Aleksa"]
[Result "1/2-1/2"]
[WhiteElo "2445"]
[BlackElo "2470"]
[PlyCount "30"]
[EventDate "1989.10.??"]
[Source "ChessBase"]

1. d4 Nf6 2. c4 g6 3. Nc3 Bg7 4. e4 d6 5. Be2 O-O 6. Bg5 c5 7. d5 a6 8. a4 e6 9. Qd2 exd5 10. exd5 Re8 11. Nf3 Bg4 12. O-O Nbd7 13. h3 Bxf3 14. Bxf3 Qb6 15. a5 Qc7 1/2-1/2

[Event "Reykjavik op"]
[Site "Reykjavik"]
[Date "1996.??.??"]
[Round "7"]
[White "Raetsky, Alexander"]
[Black "Lyrberg, Patrik"]
[Result "1-0"]
[WhiteElo "2485"]
[BlackElo "2425"]
[PlyCount "65"]
[EventDate "1996.03.??"]
[Source "ChessBase"]

1. d4 Nf6 2. c4 g6 3. Nc3 Bg7 4. e4 d6 5. Be2 O-O 6. Bg5 c5 7. d5 e6 8. Qd2 exd5 9. exd5 Qb6 10. Nf3 Bg4 11. O-O Nbd7 12. h3 Bxf3 13. Bxf3 Rfe8 14. Rfe1 a6 15. Qc2 Rxe1+ 16. Rxe1 Re8 17. Rxe8+ Nxe8 18. Bd2 Bd4 19. g3 Ng7 20. Kg2 Qd8 21. Qb3 Ne5 22. Be2 Qe7 23. Qc2 Nf5 24. Qe4 Qf6 25. f4 Kg7 26. Kh2 Bf2 27. g4 Qh4 28. Qg2 Ne3 29. Bxe3 Bxe3 30. fxe5 Bf4+ 31. Kh1 Bxe5 32. Ne4 Qe1+ 33. Qf1 1-0

[Event "Budapest Kasparov"]
[Site "Budapest"]
[Date "1991.??.??"]
[Round "10"]
[White "Atalik, Suat"]
[Black "Gruenberg, Hans Ulrich"]
[Result "1/2-1/2"]
[WhiteElo "2420"]
[BlackElo "2485"]
[PlyCount "56"]
[EventDate "1991.06.??"]
[Source "ChessBase"]

1. d4 Nf6 2. c4 g6 3. Nc3 Bg7 4. e4 d6 5. Be2 O-O 6. Bg5 c5 7. d5 e6 8. Qd2 exd5 9. exd5 Re8 10. Nf3 a6 11. O-O Qc7 12. h3 Nbd7 13. Bf4 Ne4 14. Nxe4 Rxe4 15. Bd3 Re8 16. Rfe1 Nf6 17. Bh2 Rb8 18. a4 b6 19. Qf4 Rd8 20. Qh4 Bb7 21. Bf4 Re8 22. Bd2 Nd7 23. Ng5 h6 24. Nf3 Rxe1+ 25. Rxe1 Qd8 26. Qg3 Nf6 27. Qh4 Nd7 28. Qg3 Nf6 1/2-1/2

[Event "Val Thorens Open"]
[Site "Val Thorens FRA"]
[Date "1995.??.??"]
[Round "?"]
[White "Horvath, Csaba"]
[Black "Todorov, Ognjan"]
[Result "1/2-1/2"]
[WhiteElo "2500"]
[BlackElo "2405"]
[PlyCount "80"]
[EventDate "1995.??.??"]
[Source "www.chesslib.no"]
[SourceDate "2004.05.04"]

1. d4 Nf6 2. c4 d6 3. Nc3 g6 4. e4 Bg7 5. Be2 O-O 6. Bg5 c5 7. d5 a6 8. a4 e6 9. Qd2 exd5 10. exd5 Re8 11. Nf3 Bg4 12. O-O Nbd7 13. h3 Bxf3 14. Bxf3 Qc7 15. Rae1 Rxe1 16. Rxe1 Ne5 17. Be2 h5 18. Qc2 Nh7 19. Bd2 Re8 20. f4 Nd7 21. g4 hxg4 22. hxg4 g5 23. fxg5 Ne5 24. Kg2 Ng6 25. Bd3 Rxe1 26. Bxg6 fxg6 27. Bxe1 Qe7 28. Bd2 Bxc3 29. Bxc3 Kf7 30. Qf2+ Kg8 31. Qe1 Qxe1 32. Bxe1 Nxg5 33. Kg3 Kf8 34. a5 Nf7 35. Bc3 Ke7 36. Kf4 Kd7 37. Bf6 Kc7 38. Ke4 Kd7 39. b3 Kc7 40. Be7 Kd7 1/2-1/2

[Event "JUG-ch"]
[Site "Umag"]
[Date "1972.??.??"]
[Round "4"]
[White "Cvetkovic, Srdjan"]
[Black "Ostojic, Predrag"]
[Result "0-1"]
[WhiteElo "2460"]
[BlackElo "2440"]
[PlyCount "106"]
[EventDate "1972.??.??"]
[Source "ChessBase"]

1. d4 g6 2. c4 Bg7 3. Nc3 d6 4. e4 Nf6 5. Be2 O-O 6. Bg5 c5 7. d5 e6 8. Qd2 exd5 9. exd5 Re8 10. Nf3 Bg4 11. O-O Nbd7 12. h3 Bxf3 13. Bxf3 a6 14. a4 Qe7 15. Rae1 Qf8 16. Rxe8 Rxe8 17. Re1 Rxe1+ 18. Qxe1 Bh6 19. h4 Bg7 20. Bf4 h5 21. a5 Bh6 22. Bg3 Qd8 23. b4 Qe8 24. Qxe8+ Nxe8 25. Ne4 cxb4 26. Bd1 f5 27. Nxd6 Nxd6 28. Bxd6 Bf8 29. Bf4 Nc5 30. d6 Kf7 31. Bf3 Ke6 32. Bd5+ Kd7 33. Bf7 Bxd6 34. Bxd6 Kxd6 35. Bxg6 Ke5 36. Bxh5 b3 37. Bd1 b2 38. Bc2 Ne4 39. h5 Nd2 40. h6 Kf6 41. h7 Kg7 42. Bxf5 b1=Q+ 43. Bxb1 Nxb1 44. f4 Nd2 45. c5 Nb3 46. Kf2 Nxa5 47. Ke3 Nb3 48. Ke4 Nxc5+ 49. Kd5 Nd3 50. f5 Kxh7 51. g4 Kh6 52. Ke6 Kg5 53. f6 Nf4+ 0-1

[Event "BEL-chT9798"]
[Site "Antwerp"]
[Date "1997.??.??"]
[Round "3"]
[White "Hauchard, Arnaud"]
[Black "Hausrath, Daniel"]
[Result "0-1"]
[WhiteElo "2485"]
[BlackElo "2415"]
[PlyCount "118"]
[EventDate "1997.??.??"]
[Source "www.chesslib.no"]
[SourceDate "2004.05.04"]

1. c4 g6 2. d4 Nf6 3. Nc3 Bg7 4. e4 d6 5. Be2 O-O 6. Bg5 c5 7. d5 e6 8. Qd2 exd5 9. exd5 Re8 10. Nf3 Bg4 11. O-O Nbd7 12. Rae1 a6 13. h3 Bxf3 14. Bxf3 Qb6 15. Qc2 Qb4 16. Be2 Re7 17. Bd2 Rae8 18. Bd3 Rxe1 19. Rxe1 Rxe1+ 20. Bxe1 Ne5 21. a3 Qa5 22. Bf1 Bh6 23. Qd1 Qb6 24. b3 Nfd7 25. g3 f5 26. f4 Nf7 27. Bd3 Bg7 28. Kg2 Qd8 29. Qe2 Bd4 30. Nb1 Kg7 31. Nd2 Bc3 32. Bf2 Nf8 33. Nf3 Qd7 34. Qc2 Bf6 35. b4 b6 36. Qb3 Qc8 37. Qa4 Nd8 38. Qe8 Qd7 39. Qe2 Qa4 40. bxc5 bxc5 41. Qa2 Bc3 42. Bc2 Qa5 43. Qb3 Nd7 44. g4 fxg4 45. hxg4 Nf6 46. g5 Ng4 47. Bg1 Nf7 48. Bb1 Bd2 49. Kg3 h5 50. Qd3 Bxf4+ 51. Kxf4 Nfe5 52. Nxe5 Nxe5 53. Qe2 Qc3 54. Bxc5 Qc1+ 55. Qe3 Qf1+ 56. Qf2 Qxb1 57. Bd4 Qf5+ 58. Kg3 Qxg5+ 59. Kh2 Kg8 0-1

[Event "RUS-ch U18"]
[Site "Moscow"]
[Date "1995.??.??"]
[Round "6"]
[White "Korotylev, Alexey"]
[Black "Filippov, Valerij"]
[Result "1-0"]
[WhiteElo "2445"]
[BlackElo "2455"]
[PlyCount "83"]
[EventDate "1995.??.??"]
[Source "ChessBase"]

1. d4 Nf6 2. c4 g6 3. Nc3 Bg7 4. e4 d6 5. Be2 O-O 6. Bg5 c5 7. d5 e6 8. Qd2 exd5 9. exd5 Bf5 10. Nf3 Qb6 11. Nh4 Ne4 12. Nxe4 Bxe4 13. f3 Qxb2 14. Rc1 Bf6 15. Qxb2 Bxb2 16. fxe4 Bxc1 17. Bxc1 Re8 18. Nf3 Rxe4 19. Ng5 Re5 20. Bf4 Nd7 21. Bxe5 Nxe5 22. Kd2 Re8 23. h3 Kg7 24. Rb1 b6 25. a4 h6 26. Nf3 Nd7 27. g4 Nf6 28. Bd3 Ne4+ 29. Bxe4 Rxe4 30. Kd3 Rf4 31. Nd2 Rd4+ 32. Ke3 f5 33. gxf5 gxf5 34. Rf1 Rh4 35. Rxf5 Rxh3+ 36. Rf3 Rh1 37. Ne4 Re1+ 38. Kf4 h5 39. Nxd6 h4 40. Rh3 Rf1+ 41. Ke5 Re1+ 42. Ne4 1-0

[Event "ARG-ch"]
[Site "Santa Fe"]
[Date "1973.??.??"]
[Round "3"]
[White "Sanguinetti, Raul"]
[Black "Bronstein, Luis Marcos"]
[Result "1-0"]
[WhiteElo "2530"]
[BlackElo "2365"]
[PlyCount "79"]
[EventDate "1973.??.??"]
[Source "ChessBase"]

1. c4 Nf6 2. Nc3 g6 3. e4 d6 4. d4 Bg7 5. Be2 O-O 6. Bg5 c5 7. d5 e6 8. Qd2 exd5 9. exd5 Re8 10. Nf3 Bg4 11. O-O a6 12. a4 Nbd7 13. h3 Bxf3 14. Bxf3 Qe7 15. Rfe1 Qf8 16. a5 h5 17. Bf4 Nh7 18. Rxe8 Rxe8 19. Re1 Be5 20. Bh6 Qe7 21. Kf1 f5 22. Bd1 Qf7 23. Ba4 Nhf6 24. Qc2 Rb8 25. Ne2 Kh7 26. Bc1 b5 27. axb6 Nxb6 28. Bc6 Nbd7 29. Nf4 Ne4 30. Ne6 Ndf6 31. f3 Ng3+ 32. Kg1 Kh8 33. Qd2 h4 34. Qg5 Nfh5 35. Qxh4 Bxb2 36. Bxb2+ Rxb2 37. Qd8+ Qg8 38. Qxd6 Ne2+ 39. Kh2 Kh7 40. Qe5 1-0

[Event "Lasker Memorial"]
[Site "Berlin GER"]
[Date "1989.??.??"]
[Round "2"]
[White "Muse, Mladen"]
[Black "Gruenberg, Hans-Ulrich"]
[Result "0-1"]
[WhiteElo "2415"]
[BlackElo "2475"]
[PlyCount "64"]
[EventDate "1989.12.??"]
[Source "www.chesslib.no"]
[SourceDate "2004.05.04"]

1. d4 Nf6 2. c4 g6 3. Nc3 Bg7 4. e4 d6 5. Be2 O-O 6. Bg5 c5 7. d5 e6 8. Qd2 exd5 9. exd5 Re8 10. Nf3 Bg4 11. O-O Nbd7 12. h3 Bxf3 13. Bxf3 a6 14. a4 h5 15. a5 Qc7 16. Qc2 Nh7 17. Bd2 Re7 18. Na4 Rae8 19. Rfe1 Ng5 20. Qb3 Bd4 21. Rxe7 Nxf3+ 22. Qxf3 Rxe7 23. Re1 Rxe1+ 24. Bxe1 Ne5 25. Qe2 Qd7 26. Nc3 Qf5 27. Ne4 Nxc4 28. b3 Nb2 29. Bc3 Qe5 30. Bxd4 cxd4 31. Kf1 d3 32. Qe3 Qxe4 0-1

[Event "Budapest FS10 GM"]
[Site "Budapest"]
[Date "1993.??.??"]
[Round "10"]
[White "Avrukh, Boris"]
[Black "Prie, Eric"]
[Result "1-0"]
[WhiteElo "2440"]
[BlackElo "2445"]
[PlyCount "69"]
[EventDate "1993.10.??"]
[Source "ChessBase"]

1. d4 Nf6 2. c4 g6 3. Nc3 Bg7 4. e4 d6 5. Be2 O-O 6. Bg5 c5 7. d5 e6 8. Qd2 exd5 9. exd5 Re8 10. Nf3 Bg4 11. O-O Nbd7 12. h3 Bxf3 13. Bxf3 Qb6 14. b3 a6 15. Rac1 Qb4 16. Qf4 Re5 17. Qh4 b5 18. Bd2 bxc4 19. bxc4 Nb6 20. Nb1 Qa4 21. a3 h6 22. Bxh6 Bxh6 23. Qxh6 Nh7 24. Bd1 Qd7 25. Nd2 Rae8 26. Rb1 Qd8 27. Nf3 R5e7 28. Bb3 Re4 29. Bc2 Rxc4 30. Bxg6 Nf8 31. Bxf7+ Kxf7 32. Ng5+ Kg8 33. Rb3 Re7 34. Rg3 Rg7 35. Nf7 1-0

[Event "Groningen op"]
[Site "Groningen"]
[Date "1993.??.??"]
[Round "10"]
[White "Michelakis, George"]
[Black "Anastasian, Ashot"]
[Result "1/2-1/2"]
[WhiteElo "2355"]
[BlackElo "2530"]
[PlyCount "97"]
[EventDate "1993.12.??"]
[Source "ChessBase"]

1. d4 Nf6 2. c4 c5 3. d5 g6 4. Nc3 Bg7 5. e4 d6 6. Be2 O-O 7. Bg5 a6 8. a4 e6 9. Qd2 exd5 10. exd5 Re8 11. Nf3 Bg4 12. O-O Nbd7 13. h3 Bxf3 14. Bxf3 Qa5 15. Qc2 h6 16. Bd2 Qb6 17. Rae1 Ne5 18. Be2 Nh7 19. f4 Nd7 20. Bd3 Nhf6 21. g3 Qd8 22. Kg2 Rb8 23. Qd1 Qb6 24. b3 Qc7 25. Rxe8+ Rxe8 26. Re1 Rb8 27. Re2 Qd8 28. Qe1 Ne8 29. g4 Nc7 30. a5 Ne8 31. Bc2 Bd4 32. Ne4 Ndf6 33. Ng3 Ng7 34. Ne4 Nxe4 35. Bxe4 Ne8 36. Bc2 Bg7 37. Kf3 Nf6 38. Bc3 Nd7 39. Bxg7 Kxg7 40. h4 Qf6 41. g5 hxg5 42. hxg5 Qd4 43. Re7 Ne5+ 44. fxe5 Rh8 45. Qe4 Qc3+ 46. Bd3 Rh3+ 47. Kg4 Rxd3 48. Qf4 Rd4 49. Rxf7+ 1/2-1/2

[Event "Mercosur Cup"]
[Site "Vicente Lopez"]
[Date "2002.07.25"]
[Round "8"]
[White "Paglilla, Carlos"]
[Black "Spangenberg, Hugo"]
[Result "1/2-1/2"]
[WhiteElo "2374"]
[BlackElo "2508"]
[PlyCount "57"]
[EventDate "2002.07.19"]
[Source "ChessBase"]
[SourceDate "2002.09.11"]

1. d4 Nf6 2. c4 g6 3. Nc3 Bg7 4. e4 d6 5. Be2 O-O 6. Bg5 c5 7. d5 e6 8. Nf3 exd5 9. exd5 Bg4 10. O-O Nbd7 11. Qd2 Re8 12. Rfe1 a6 13. a4 Bxf3 14. Bxf3 Qb6 15. Bf4 Rxe1+ 16. Rxe1 Re8 17. Rxe8+ Nxe8 18. Nd1 Be5 19. Bxe5 Nxe5 20. Be2 Nf6 21. f4 Ned7 22. Qc2 Qb4 23. Nc3 Nb6 24. b3 Nc8 25. g4 Ne7 26. Kg2 h6 27. h3 Qb6 28. Bd3 Qd8 29. Qd2 1/2-1/2